<?xml version="1.0" encoding="UTF-8"?>
<collection xmlns="http://www.loc.gov/MARC21/slim">
<record>
  <controlfield tag="001">127334</controlfield>
  <controlfield tag="005">20230907110838.0</controlfield>
  <datafield tag="037" ind1=" " ind2=" ">
    <subfield code="a">TAZ-TFG-2023-2317</subfield>
  </datafield>
  <datafield tag="041" ind1=" " ind2=" ">
    <subfield code="a">spa</subfield>
  </datafield>
  <datafield tag="100" ind1="1" ind2=" ">
    <subfield code="a">Gimeno Guillén, Cristian</subfield>
  </datafield>
  <datafield tag="242" ind1="0" ind2="0">
    <subfield code="a">Comparative study of the use of intravenous and intranasal dexmedetomidine in anaesthetic recovery in dogs.</subfield>
  </datafield>
  <datafield tag="245" ind1="0" ind2="0">
    <subfield code="a">Estudio comparativo del uso de la dexmedetomidina intravenosa e intranasal en la recuperación anestésica en perros.</subfield>
  </datafield>
  <datafield tag="260" ind1=" " ind2=" ">
    <subfield code="a">Zaragoza</subfield>
    <subfield code="b">Universidad de Zaragoza</subfield>
    <subfield code="c">2023</subfield>
  </datafield>
  <datafield tag="506" ind1=" " ind2=" ">
    <subfield code="a">by-nc-sa</subfield>
    <subfield code="b">Creative Commons</subfield>
    <subfield code="c">3.0</subfield>
    <subfield code="u">http://creativecommons.org/licenses/by-nc-sa/3.0/</subfield>
  </datafield>
  <datafield tag="520" ind1=" " ind2=" ">
    <subfield code="a">El uso de la dexmedetomidina como sedante posoperatorio en perros es un procedimiento cada vez más empleado en la clínica para conseguir un despertar anestésico más suave y tranquilo.&lt;br />Se realizó un estudio prospectivo incluyendo a 12 perras que iban a someterse a una esterilización electiva. Los animales se distribuyeron aleatoriamente en dos grupos en función de la vía de administración (intravenosa o intranasal) de la dexmedetomidina utilizada como sedante posoperatorio. Tras el procedimiento quirúrgico, en los 5 minutos posteriores a la administración de la dexmedetomidina, se recogieron los siguientes datos: frecuencia cardiaca, frecuencia respiratoria, presión arterial sistólica, presión arterial diastólica, presión arterial media, tiempo de extubación, alta anestésica y si se daba la aparición o no de disforias. Se analizaron los datos obtenidos y se realizó un estudio estadístico mediante el programa SPSS.&lt;br />No se detectaron diferencias significativas entre ambos grupos en cuanto la frecuencia respiratoria, presiones arteriales, tiempo de extubación y alta anestésica. Por el contrario, sí se encontraron diferencias significativas en cuanto la variación de la frecuencia cardiaca en los primeros 3 minutos cuando se administraba la droga de manera intravenosa en comparación con la vía intranasal.&lt;br />El uso de la vía intranasal para la administración de dexmedetomidina puede ser una alternativa efectiva para proporcionar un despertar adecuado a la vía intravenosa, pudiendo no generar efectos secundarios tan marcados como en la administración intravenosa.&lt;br />&lt;br /></subfield>
  </datafield>
  <datafield tag="521" ind1=" " ind2=" ">
    <subfield code="a">Graduado en Veterinaria</subfield>
  </datafield>
  <datafield tag="540" ind1=" " ind2=" ">
    <subfield code="a">Derechos regulados por licencia Creative Commons</subfield>
  </datafield>
  <datafield tag="700" ind1=" " ind2=" ">
    <subfield code="a">Bonastre Ráfales, Cristina</subfield>
    <subfield code="e">dir.</subfield>
  </datafield>
  <datafield tag="700" ind1=" " ind2=" ">
    <subfield code="a">De Torre Martínez, Amaya</subfield>
    <subfield code="e">dir.</subfield>
  </datafield>
  <datafield tag="710" ind1="2" ind2=" ">
    <subfield code="a">Universidad de Zaragoza</subfield>
    <subfield code="b">Patología Animal</subfield>
    <subfield code="c">Medicina y Cirugía Animal</subfield>
  </datafield>
  <datafield tag="856" ind1="0" ind2=" ">
    <subfield code="f">776287@unizar.es</subfield>
  </datafield>
  <datafield tag="856" ind1="4" ind2=" ">
    <subfield code="s">1126698</subfield>
    <subfield code="u">http://zaguan.unizar.es/record/127334/files/TAZ-TFG-2023-2317.pdf</subfield>
    <subfield code="y">Memoria (spa)</subfield>
  </datafield>
  <datafield tag="909" ind1="C" ind2="O">
    <subfield code="o">oai:zaguan.unizar.es:127334</subfield>
    <subfield code="p">driver</subfield>
    <subfield code="p">trabajos-fin-grado</subfield>
  </datafield>
  <datafield tag="950" ind1=" " ind2=" ">
    <subfield code="a"></subfield>
  </datafield>
  <datafield tag="980" ind1=" " ind2=" ">
    <subfield code="a">TAZ</subfield>
    <subfield code="b">TFG</subfield>
    <subfield code="c">VET</subfield>
  </datafield>
  <datafield tag="999" ind1=" " ind2=" ">
    <subfield code="a">20230608084903.CREATION_DATE</subfield>
  </datafield>
  <datafield tag="951" ind1=" " ind2=" ">
    <subfield code="a">deposita:2023-09-07</subfield>
  </datafield>
</record>
</collection>